00953cam a2200265 a 450000100090000000300050000900500170001400800410003101000170007202000350008904000180012405000210014208200190016310000230018224500570020525000120026226000610027430000330033544000380036850400640040665000230047065000260049385600900051985600780060913123975NUST20230413081334.0030314s2003 enka b 001 0 eng  a 2003045080 a0470851236 (pbk. : alk. paper) aDLCcDLCdDLC00aQE471b.T84 200300a552.5221bTUC1 aTucker, Maurice E.10aSedimentary rocks in the field /cMaurice E. Tucker. a3rd ed. aWest Sussex, England ;aHoboken, NJ :bJ. Wiley,cc2003. aix, 234 p. :bill. ;c18 cm. 4aThe geological field guide series aIncludes bibliographical references (p. 225-228) and index. 0aSedimentary rocks. 0aPetrologyxFieldwork.423Publisher descriptionuhttp://www.loc.gov/catdir/description/wiley039/2003045080.html413Table of contentsuhttp://www.loc.gov/catdir/toc/wiley032/2003045080.html